000 01064cam a2200289 i 4500
001 30752
003 Mx-PuUPA
005 20240718110106.0
008 140415s1995 mx r 000 0 spa d
020 _a9683637760
040 _erda
_cMx-PuUPA
_aMx-PuUPA
_bspa
_dMx-PuUPA
041 0 _aspa
245 1 0 _aCrónicas de la compañía de Jesús en la Nueva España /
_cprologo y selección, Francisco González de Cossío.
250 _aTercera edición
264 1 _aMéxico, D.F. :
_bUniversidad Nacional Autónoma de México,
_c1995
300 _axxii, 253 páginas ;
_c18 cm
336 _atexto
_2rdacontent
_btxt
337 _asin medio
_2rdamedia
_bn
338 _avolumen
_2rdacarrier
_bnc
490 0 _aBiblioteca del Estudiante Universitario ;
_v73
650 7 _2armarc
_aJesuitas
_xHistoria
_zMéxico
650 7 _2armarc
_aJesuitas
_zMéxico
_vFuentes
700 1 _aGonzález de Cossío, Francisco,
_d1913-
_911037
_eprologuista
_ecompilador
942 _2ddc
_cLI
_h271.530972
_iC937
999 _c30752
_d30752